[Event "Mitropa Cup (Women) 7th"]
[Site "Chur"]
[Date "2010.06.02"]
[Round "5"]
[White "Hoolt, Sarah"]
[Black "Machalova, Veronika"]
[Result "1-0"]
[WhiteElo "2223"]
[BlackElo "2214"]
[PlyCount "123"]
[EventDate "2010.05.29"]
[EventType "team-tourn"]
[EventRounds "9"]
[EventCountry "SUI"]
[Source "ChessBase"]
[SourceDate "2010.07.02"]
[WhiteTeam "Germany (W)"]
[BlackTeam "Slovakia (W)"]
[WhiteTeamCountry "GER"]
[BlackTeamCountry "SVK"]

1. e4 c5 2. Nf3 d6 3. d4 cxd4 4. Nxd4 Nf6 5. Nc3 Nc6 6. g3 Bg4 7. f3 Bd7 8. Be3
e6 9. g4 h6 10. Qd2 a6 11. O-O-O b5 12. h4 Nxd4 13. Bxd4 b4 14. Ne2 e5 15. Bf2
Qa5 16. Kb1 Be6 17. Nc1 d5 18. g5 hxg5 19. Qxg5 dxe4 20. Bh3 Bxh3 21. Rxh3 Rh5
22. Qg2 Rd8 23. Rhh1 exf3 24. Qxf3 e4 25. Rxd8+ Qxd8 26. Qe2 Be7 27. Be3 Rd5
28. Bg5 Kf8 29. Qxa6 Rd6 30. Qe2 Qa8 31. h5 Qd5 32. Bf4 Kg8 33. Bxd6 Bxd6 34.
Rd1 Qe6 35. Qa6 Be7 36. Qxe6 fxe6 37. Nb3 Nxh5 38. Re1 Nf6 39. Nd2 Kf7 40. Nxe4
Nxe4 41. Rxe4 g5 42. Kc1 Kf6 43. Kd2 Kf5 44. Ke3 g4 45. Rc4 e5 46. c3 bxc3 47.
Rxc3 e4 48. Rc7 Bg5+ 49. Kf2 g3+ 50. Kg2 Kg4 51. Rc4 Kf4 52. a4 Ke3 53. a5 Kd3
54. Rc3+ Kd2 55. a6 Be3 56. Rxe3 Kxe3 57. a7 Kd2 58. a8=Q e3 59. Qd5+ Ke1 60.
Kxg3 e2 61. Qh1+ Kd2 62. b4 1-0

[Event "Mitropa Cup (Women) 7th"]
[Site "Chur"]
[Date "2010.06.02"]
[Round "5"]
[White "Mrvova, Alena"]
[Black "Fuchs, Judith"]
[Result "1-0"]
[WhiteElo "2298"]
[BlackElo "2231"]
[PlyCount "85"]
[EventDate "2010.05.29"]
[EventType "team-tourn"]
[EventRounds "9"]
[EventCountry "SUI"]
[Source "ChessBase"]
[SourceDate "2010.07.02"]
[WhiteTeam "Slovakia (W)"]
[BlackTeam "Germany (W)"]
[WhiteTeamCountry "SVK"]
[BlackTeamCountry "GER"]

1. e4 c5 2. Nf3 Nc6 3. d4 cxd4 4. Nxd4 Nf6 5. Nc3 d6 6. Bg5 Qb6 7. Nb3 e6 8.
Bxf6 gxf6 9. Qd2 a6 10. O-O-O Bd7 11. f4 O-O-O 12. Be2 h5 13. Rhf1 Kb8 14. Kb1
Be7 15. Rf3 Rdg8 16. Bf1 h4 17. Rh3 Rh5 18. Qe2 Rgh8 19. g4 R5h7 20. Qe1 Qg1
21. Qe2 Qb6 22. Bg2 Na5 23. e5 fxe5 24. fxe5 Nxb3 25. exd6 Bxd6 26. axb3 Bc8
27. Na4 Qc7 28. Rc3 Qe7 29. Nb6 e5 30. Qe4 f5 31. gxf5 Rf7 32. Bh3 Qf6 33. Nd5
Qg5 34. Ne3 Qf6 35. Ng4 Qe7 36. f6 Rxf6 37. Nxf6 Qxf6 38. Bxc8 Rxc8 39. Rxc8+
Kxc8 40. Rg1 Kc7 41. Ka2 Qh8 42. Qc4+ Kd7 43. Rg8 1-0

[Event "Mitropa Cup (Women) 7th"]
[Site "Chur"]
[Date "2010.06.02"]
[Round "5"]
[White "Rozic, Vesna"]
[Black "Zimina, Olga"]
[Result "1/2-1/2"]
[WhiteElo "2271"]
[BlackElo "2309"]
[PlyCount "30"]
[EventDate "2010.05.29"]
[EventType "team-tourn"]
[EventRounds "9"]
[EventCountry "SUI"]
[Source "ChessBase"]
[SourceDate "2010.07.02"]
[WhiteTeam "Slovenia (W)"]
[BlackTeam "Italy (W)"]
[WhiteTeamCountry "SLO"]
[BlackTeamCountry "ITA"]

1. d4 Nf6 2. Nf3 d5 3. e3 c5 4. c3 Nbd7 5. Nbd2 g6 6. Bd3 Bg7 7. O-O O-O 8. b3
e5 9. Be2 Ne4 10. Bb2 b6 11. Qc2 Bb7 12. Nxe4 dxe4 13. Nxe5 Nxe5 14. dxe5 Bxe5
15. c4 Qc7 1/2-1/2

[Event "Mitropa Cup (Women) 7th"]
[Site "Chur"]
[Date "2010.06.02"]
[Round "5"]
[White "Sedina, Elena"]
[Black "Krivec, Jana"]
[Result "1/2-1/2"]
[WhiteElo "2342"]
[BlackElo "2340"]
[PlyCount "46"]
[EventDate "2010.05.29"]
[EventType "team-tourn"]
[EventRounds "9"]
[EventCountry "SUI"]
[Source "ChessBase"]
[SourceDate "2010.07.02"]
[WhiteTeam "Italy (W)"]
[BlackTeam "Slovenia (W)"]
[WhiteTeamCountry "ITA"]
[BlackTeamCountry "SLO"]

1. e4 e5 2. Nf3 Nc6 3. Bb5 a6 4. Ba4 d6 5. Bxc6+ bxc6 6. d4 exd4 7. Nxd4 c5 8.
Ne2 g6 9. Nbc3 Bg7 10. Be3 Rb8 11. Rb1 Ne7 12. Qd2 O-O 13. O-O f5 14. Bh6 Bxh6
15. Qxh6 fxe4 16. Nxe4 Nf5 17. Qd2 Bb7 18. f3 Qh4 19. N2g3 Nxg3 20. hxg3 Qe7
21. Rbe1 Qg7 22. c3 Rfe8 23. Nf2 Bc6 1/2-1/2

[Event "Mitropa Cup (Women) 7th"]
[Site "Chur"]
[Date "2010.06.03"]
[Round "6"]
[White "Krivec, Jana"]
[Black "Kopinits, Anna Christina"]
[Result "0-1"]
[WhiteElo "2340"]
[BlackElo "2158"]
[PlyCount "132"]
[EventDate "2010.05.29"]
[EventType "team-tourn"]
[EventRounds "9"]
[EventCountry "SUI"]
[Source "ChessBase"]
[SourceDate "2010.07.02"]
[WhiteTeam "Slovenia (W)"]
[BlackTeam "Austria (W)"]
[WhiteTeamCountry "SLO"]
[BlackTeamCountry "AUT"]

1. e4 c6 2. d4 d5 3. Nd2 dxe4 4. Nxe4 Bf5 5. Ng3 Bg6 6. N1e2 e6 7. Nf4 Bd6 8.
h4 Bxf4 9. Bxf4 h6 10. c3 Nf6 11. h5 Bh7 12. Bd3 Bxd3 13. Qxd3 Qa5 14. Ne4 Nxe4
15. Qxe4 Nd7 16. Qe2 O-O 17. Rh3 Qf5 18. Be3 e5 19. O-O-O exd4 20. Rxd4 Nf6 21.
Qd2 Kh7 22. Rf3 Qe6 23. Qd3+ Kh8 24. Bxh6 gxh6 25. Qd2 Ng8 26. Rd6 Qe4 27. Rg3
Kh7 28. f3 Qe5 29. f4 Qe4 30. Rd4 Qf5 31. Rd6 Qe4 32. Rd4 Qf5 33. Rd6 Rae8 34.
Qd4 f6 35. Rg6 Re7 36. g4 Qe4 37. Qxe4 Rxe4 38. Rd7+ Ne7 39. g5 fxg5 40. fxg5
hxg5 41. Rxg5 Rf2 42. Rg1 b5 43. Rxa7 Kh6 44. Ra8 Kh7 45. Ra7 Ree2 46. Rd7 Kh6
47. Rd8 Rg2 48. Rxg2 Rxg2 49. Rh8+ Kg7 50. Re8 Kf7 51. Rh8 Rh2 52. Rh7+ Kf6 53.
Rh6+ Ke5 54. Kb1 Kd5 55. b3 Kc5 56. c4 bxc4 57. bxc4 Nf5 58. Re6 Nd4 59. Re5+
Kxc4 60. a4 c5 61. a5 Nc6 62. Re4+ Kb5 63. a6 Kxa6 64. Re6 Kb5 65. h6 Nd4 66.
Rg6 c4 0-1

[Event "Mitropa Cup (Women) 7th"]
[Site "Chur"]
[Date "2010.06.03"]
[Round "6"]
[White "Schink, Barbara"]
[Black "Rozic, Vesna"]
[Result "0-1"]
[WhiteElo "2063"]
[BlackElo "2271"]
[PlyCount "72"]
[EventDate "2010.05.29"]
[EventType "team-tourn"]
[EventRounds "9"]
[EventCountry "SUI"]
[Source "ChessBase"]
[SourceDate "2010.07.02"]
[WhiteTeam "Austria (W)"]
[BlackTeam "Slovenia (W)"]
[WhiteTeamCountry "AUT"]
[BlackTeamCountry "SLO"]

1. e4 e6 2. d4 d5 3. Nc3 Bb4 4. e5 Qd7 5. Nf3 b6 6. Bd3 Ba6 7. O-O Ne7 8. a3
Bxc3 9. bxc3 h6 10. a4 c5 11. Nh4 Bxd3 12. Qxd3 c4 13. Qg3 g6 14. Nf3 Nbc6 15.
Qf4 Nf5 16. Ba3 g5 17. Qd2 g4 18. Ne1 O-O-O 19. g3 h5 20. Ng2 h4 21. Ne3 Rdg8
22. Nxf5 exf5 23. Qf4 Rh5 24. Kg2 Nd8 25. a5 Ne6 26. Qe3 b5 27. a6 Rgh8 28. Rh1
Ng5 29. Bd6 Nf3 30. Rad1 Qe6 31. Qc1 hxg3 32. hxg3 Rh2+ 33. Rxh2 Rxh2+ 34. Kf1
Qh6 35. Qa3 Rh1+ 36. Ke2 Qd2+ 0-1

[Event "Mitropa Cup (Women) 7th"]
[Site "Chur"]
[Date "2010.06.03"]
[Round "6"]
[White "De Seroux, Camille"]
[Black "Franciskovic, Borka"]
[Result "1/2-1/2"]
[WhiteElo "2028"]
[BlackElo "2261"]
[PlyCount "124"]
[EventDate "2010.05.29"]
[EventType "team-tourn"]
[EventRounds "9"]
[EventCountry "SUI"]
[Source "ChessBase"]
[SourceDate "2010.07.02"]
[WhiteTeam "Switzerland (W)"]
[BlackTeam "Croatia (W)"]
[WhiteTeamCountry "SUI"]
[BlackTeamCountry "CRO"]

1. e4 c6 2. d4 d5 3. Nc3 dxe4 4. Nxe4 Bf5 5. Ng3 Bg6 6. h4 h6 7. Nf3 e6 8. h5
Bh7 9. Bd3 Bxd3 10. Qxd3 Nf6 11. Bd2 Be7 12. O-O-O O-O 13. Ne4 Nxe4 14. Qxe4
Qd5 15. Qg4 Kh8 16. Kb1 Nd7 17. Nh4 Nf6 18. Qe2 Qe4 19. Qf1 Rad8 20. f3 Qxd4
21. g4 Nh7 22. Qe2 Bxh4 23. Rxh4 Rd5 24. Rhh1 Qe5 25. Qxe5 Rxe5 26. Bb4 Re8 27.
Rd7 Rb5 28. Ba3 Kg8 29. c4 Nf6 30. Rc7 Ra5 31. Rxb7 Rd8 32. Bb4 Ra6 33. Bc3 Rd3
34. Rf1 Rb6 35. Rxb6 axb6 36. Kc2 Rd8 37. Rd1 Rc8 38. Be5 Kf8 39. Kc3 Ke7 40.
Rd3 Ne8 41. b3 f6 42. Bg3 Ra8 43. a4 c5 44. Rd2 Ra7 45. Ra2 Kd7 46. b4 cxb4+
47. Kxb4 Kc6 48. Re2 Re7 49. Rd2 e5 50. Bf2 Nc7 51. Rc2 Na6+ 52. Kc3 Nc5 53.
Bxc5 Kxc5 54. Rd2 e4 55. Rd5+ Kc6 56. fxe4 Rxe4 57. Rd4 Re1 58. Rd8 Re4 59. Rd4
Re1 60. Kb4 Rb1+ 61. Kc3 Re1 62. Rd8 Re4 1/2-1/2

[Event "Mitropa Cup (Women) 7th"]
[Site "Chur"]
[Date "2010.06.03"]
[Round "6"]
[White "Medic, Mirjana"]
[Black "Heinatz, Gundula"]
[Result "1-0"]
[WhiteElo "2271"]
[BlackElo "2220"]
[PlyCount "79"]
[EventDate "2010.05.29"]
[EventType "team-tourn"]
[EventRounds "9"]
[EventCountry "SUI"]
[Source "ChessBase"]
[SourceDate "2010.07.02"]
[WhiteTeam "Croatia (W)"]
[BlackTeam "Switzerland (W)"]
[WhiteTeamCountry "CRO"]
[BlackTeamCountry "SUI"]

1. d4 Nf6 2. c4 e6 3. Nc3 Bb4 4. e3 O-O 5. Bd3 d5 6. Nf3 c5 7. O-O Nc6 8. a3
Bxc3 9. bxc3 Qc7 10. Qe2 dxc4 11. Bxc4 e5 12. d5 e4 13. dxc6 exf3 14. Qxf3 Bg4
15. Qg3 Qxc6 16. f3 Be6 17. Be2 Rad8 18. e4 Ne8 19. a4 b6 20. Bb5 Qb7 21. Bf4
c4 22. Bxe8 Rfxe8 23. Be5 f5 24. exf5 Bxf5 25. Bd4 Bg6 26. Rfe1 Qd7 27. h4 Qf7
28. Rxe8+ Rxe8 29. a5 b5 30. a6 Rd8 31. Qe5 Qd7 32. Qc5 Rc8 33. Qxa7 Qxa7 34.
Bxa7 Be8 35. Be3 Bc6 36. a7 Ba8 37. Ra5 b4 38. Rb5 b3 39. Rb8 Rf8 40. Bc5 1-0

[Event "Mitropa Cup (Women) 7th"]
[Site "Chur"]
[Date "2010.06.03"]
[Round "6"]
[White "Havlikova, Kristyna"]
[Black "Rudolf, Anna"]
[Result "1/2-1/2"]
[WhiteElo "2251"]
[BlackElo "2344"]
[PlyCount "81"]
[EventDate "2010.05.29"]
[EventType "team-tourn"]
[EventRounds "9"]
[EventCountry "SUI"]
[Source "ChessBase"]
[SourceDate "2010.07.02"]
[WhiteTeam "Czech Republic (W)"]
[BlackTeam "Hungary (W)"]
[WhiteTeamCountry "CZE"]
[BlackTeamCountry "HUN"]

1. e4 e6 2. d4 d5 3. Nc3 Bb4 4. e5 b6 5. Qg4 Bf8 6. Bg5 Qd7 7. Nf3 Ba6 8. Bxa6
Nxa6 9. O-O c6 10. Ne2 h5 11. Qf4 Ne7 12. Nh4 Nc7 13. Qf3 Nf5 14. Nxf5 exf5 15.
Bh4 g6 16. Bf6 Rg8 17. Rfd1 Be7 18. Bxe7 Qxe7 19. c4 Qd7 20. Rac1 Kf8 21. Rc3
Kg7 22. Rdc1 Rac8 23. b3 Rgd8 24. h3 Qe8 25. Nf4 Ne6 26. cxd5 Nxf4 27. Qxf4
Rxd5 28. Rc4 Qe6 29. Qh4 Kh7 30. a4 a6 31. b4 b5 32. axb5 axb5 33. Rc5 Rxc5 34.
Rxc5 Kg7 35. d5 Qxe5 36. dxc6 Qf6 37. Qxf6+ Kxf6 38. Rxb5 Rxc6 39. g3 Rc4 40.
Rb6+ Ke5 41. Kg2 1/2-1/2

[Event "Mitropa Cup (Women) 7th"]
[Site "Chur"]
[Date "2010.06.03"]
[Round "6"]
[White "Papp, Petra"]
[Black "Olsarova, Karolina"]
[Result "1/2-1/2"]
[WhiteElo "2270"]
[BlackElo "2191"]
[PlyCount "128"]
[EventDate "2010.05.29"]
[EventType "team-tourn"]
[EventRounds "9"]
[EventCountry "SUI"]
[Source "ChessBase"]
[SourceDate "2010.07.02"]
[WhiteTeam "Hungary (W)"]
[BlackTeam "Czech Republic (W)"]
[WhiteTeamCountry "HUN"]
[BlackTeamCountry "CZE"]

1. e4 e5 2. Nf3 Nc6 3. Nc3 Nf6 4. Bb5 Bb4 5. O-O O-O 6. d3 d6 7. Bg5 Bxc3 8.
bxc3 Qe7 9. Re1 Nd8 10. d4 Ne6 11. Bc1 Rd8 12. Bf1 c5 13. d5 Nf8 14. c4 Ng6 15.
g3 h6 16. Qd3 Nh7 17. Bg2 Rf8 18. Nd2 f5 19. exf5 Bxf5 20. Ne4 Nf6 21. Nxf6+
Qxf6 22. Qd2 e4 23. Rb1 Ne5 24. Qe2 Bg4 25. Qf1 Nf3+ 26. Bxf3 Qxf3 27. Re3 Qf5
28. Rxb7 Rab8 29. Rbb3 Rb6 30. Bb2 Bf3 31. Qe1 Qg4 32. Qf1 Rf5 33. h3 Qg6 34.
Kh2 Rh5 35. a4 Bg4 36. h4 Qf5 37. Qg2 Bf3 38. Qh3 Bd1 39. Qxf5 Rxf5 40. Rxb6
axb6 41. Kg2 Bxc2 42. Ra3 Bd3 43. Rb3 Bxc4 44. Rxb6 Rxd5 45. Rb8+ Kf7 46. Rb7+
Ke6 47. Bxg7 h5 48. Rb1 Rd2 49. Re1 d5 50. Bf8 Ke5 51. Bxc5 d4 52. g4 Kd5 53.
Bxd4 Kxd4 54. gxh5 Ra2 55. Kg3 Bd3 56. h6 Rxa4 57. Kf4 Ra8 58. Kg5 Rh8 59. Re3
Bc4 60. Kg6 Ra8 61. h7 Ra6+ 62. Kg7 Ra7+ 63. Kg6 Ra6+ 64. Kg7 Ra7+ 1/2-1/2

[Event "Mitropa Cup (Women) 7th"]
[Site "Chur"]
[Date "2010.06.03"]
[Round "6"]
[White "Flear, Christine"]
[Black "Hoolt, Sarah"]
[Result "0-1"]
[WhiteElo "2170"]
[BlackElo "2223"]
[PlyCount "50"]
[EventDate "2010.05.29"]
[EventType "team-tourn"]
[EventRounds "9"]
[EventCountry "SUI"]
[Source "ChessBase"]
[SourceDate "2010.07.02"]
[WhiteTeam "France (W)"]
[BlackTeam "Germany (W)"]
[WhiteTeamCountry "FRA"]
[BlackTeamCountry "GER"]

1. d4 Nf6 2. c4 c5 3. d5 e5 4. Nc3 d6 5. e4 Be7 6. h3 O-O 7. Bd3 Na6 8. Nf3 Rb8
9. a3 Bd7 10. Nb5 Nc7 11. b4 Nxb5 12. cxb5 c4 13. Bxc4 Nxe4 14. Bb2 Rc8 15. Qe2
Ng5 16. Nd2 f5 17. Bxe5 Re8 18. O-O Bf8 19. f4 Nf7 20. Nf3 dxe5 21. fxe5 Nxe5
22. Nxe5 Bd6 23. Nc6 Rxe2 24. Nxd8 Rxc4 25. Nxb7 Rcc2 0-1

[Event "Mitropa Cup (Women) 7th"]
[Site "Chur"]
[Date "2010.06.03"]
[Round "6"]
[White "Fuchs, Judith"]
[Black "Maisuradze, Nino"]
[Result "1/2-1/2"]
[WhiteElo "2231"]
[BlackElo "2250"]
[PlyCount "45"]
[EventDate "2010.05.29"]
[EventType "team-tourn"]
[EventRounds "9"]
[EventCountry "SUI"]
[Source "ChessBase"]
[SourceDate "2010.07.02"]
[WhiteTeam "Germany (W)"]
[BlackTeam "France (W)"]
[WhiteTeamCountry "GER"]
[BlackTeamCountry "FRA"]

1. e4 c5 2. Nf3 Nc6 3. d4 cxd4 4. Nxd4 e5 5. Nb5 d6 6. N1c3 a6 7. Na3 b5 8. Nd5
Nge7 9. c4 Nd4 10. Be3 Nxd5 11. cxd5 g6 12. Bd3 Bg7 13. O-O O-O 14. Bxd4 exd4
15. Nc2 Qb6 16. Nb4 f5 17. Rc1 fxe4 18. Bxe4 Bd7 19. Nc6 Rae8 20. Qd3 Rf4 21.
Rfe1 Kh8 22. g3 Rff8 23. Kg2 1/2-1/2

[Event "Mitropa Cup (Women) 7th"]
[Site "Chur"]
[Date "2010.06.03"]
[Round "6"]
[White "Machalova, Veronika"]
[Black "Zimina, Olga"]
[Result "0-1"]
[WhiteElo "2214"]
[BlackElo "2309"]
[PlyCount "81"]
[EventDate "2010.05.29"]
[EventType "team-tourn"]
[EventRounds "9"]
[EventCountry "SUI"]
[Source "ChessBase"]
[SourceDate "2010.07.02"]
[WhiteTeam "Slovakia (W)"]
[BlackTeam "Italy (W)"]
[WhiteTeamCountry "SVK"]
[BlackTeamCountry "ITA"]

1. e4 e5 2. Nf3 Nc6 3. Bb5 a6 4. Ba4 Nf6 5. O-O b5 6. Bb3 Bc5 7. a4 Rb8 8. c3
d6 9. axb5 axb5 10. d4 Bb6 11. Re1 O-O 12. Na3 Bg4 13. Nxb5 Bxf3 14. gxf3 Nh5
15. f4 Nxf4 16. Bxf4 exf4 17. Qg4 Qf6 18. Bc4 Ne7 19. Rad1 Ng6 20. Kh1 c6 21.
Na3 c5 22. Qf5 Qh4 23. Kg2 cxd4 24. cxd4 Ne5 25. Bf1 f3+ 26. Kg1 Ng4 27. Qf4
Qxf2+ 28. Kh1 Qh4 29. Qg3 Nf2+ 30. Kg1 Qxg3+ 31. hxg3 Nxd1 32. Rxd1 f5 33. exf5
Rxf5 34. Kf2 Ba7 35. Rd2 Rxb2 36. Rxb2 Bxd4+ 37. Ke1 Bxb2 38. Nc4 Bc3+ 39. Kf2
Bd4+ 40. Ke1 Bc5 41. Bd3 0-1

[Event "Mitropa Cup (Women) 7th"]
[Site "Chur"]
[Date "2010.06.03"]
[Round "6"]
[White "Sedina, Elena"]
[Black "Mrvova, Alena"]
[Result "1-0"]
[WhiteElo "2342"]
[BlackElo "2298"]
[PlyCount "159"]
[EventDate "2010.05.29"]
[EventType "team-tourn"]
[EventRounds "9"]
[EventCountry "SUI"]
[Source "ChessBase"]
[SourceDate "2010.07.02"]
[WhiteTeam "Italy (W)"]
[BlackTeam "Slovakia (W)"]
[WhiteTeamCountry "ITA"]
[BlackTeamCountry "SVK"]

1. e4 c5 2. Nf3 d6 3. d4 cxd4 4. Qxd4 a6 5. c4 Nc6 6. Qd1 Bg4 7. Be3 g6 8. Nc3
Nf6 9. Be2 Bg7 10. O-O O-O 11. Rc1 Rb8 12. Nd2 Bxe2 13. Qxe2 Nd7 14. Nb3 Na5
15. Nd4 Ne5 16. b3 Qd7 17. h3 Nec6 18. Rfd1 Nxd4 19. Bxd4 Bxd4 20. Rxd4 Nc6 21.
Rdd1 Qe6 22. Qd2 Rfc8 23. a4 Na5 24. Rb1 Nc6 25. Re1 Qe5 26. Re3 Qg5 27. Rf1
Qc5 28. Rd1 Qg5 29. Kh1 Rd8 30. Rf1 Qc5 31. Nd5 e6 32. Nc3 Qb4 33. Qd1 Qc5 34.
Qd2 Qb4 35. Qd1 Qc5 36. Rfe1 Qe5 37. Rf1 Qc5 38. Rg3 Nd4 39. Rd3 Nc6 40. f4 Ne7
41. e5 Qc6 42. Rxd6 Rxd6 43. Qxd6 Qxd6 44. exd6 Nf5 45. Rd1 b6 46. a5 Kf8 47.
axb6 Ke8 48. d7+ Kd8 49. c5 Ne7 50. Rd6 Rb7 51. c6 Nxc6 52. Rxc6 Kxd7 53. Rc7+
Rxc7 54. bxc7 Kxc7 55. b4 Kd6 56. Kg1 e5 57. fxe5+ Kxe5 58. Kf2 Kd4 59. b5 axb5
60. Nxb5+ Ke5 61. Kf3 h5 62. h4 f6 63. Na3 g5 64. g3 Kd4 65. Nc2+ Kd5 66. Ne3+
Ke5 67. Ng2 Kf5 68. Ne1 Ke5 69. Nd3+ Kf5 70. Nc5 Ke5 71. Ke3 Kf5 72. Kf3 Ke5
73. Nb3 Kf5 74. Nd4+ Ke5 75. Ke3 Kd5 76. Nf5 Ke6 77. Ke4 Kf7 78. Kd5 gxh4 79.
gxh4 Kg6 80. Ke6 1-0

[Event "Mitropa Cup (Women) 7th"]
[Site "Chur"]
[Date "2010.06.04"]
[Round "7"]
[White "Franciskovic, Borka"]
[Black "Exler, Veronika"]
[Result "1/2-1/2"]
[WhiteElo "2261"]
[BlackElo "2119"]
[PlyCount "94"]
[EventDate "2010.05.29"]
[EventType "team-tourn"]
[EventRounds "9"]
[EventCountry "SUI"]
[Source "ChessBase"]
[SourceDate "2010.07.02"]
[WhiteTeam "Croatia (W)"]
[BlackTeam "Austria (W)"]
[WhiteTeamCountry "CRO"]
[BlackTeamCountry "AUT"]

1. c4 Nf6 2. Nf3 g6 3. Nc3 Bg7 4. g3 c6 5. Bg2 O-O 6. O-O d5 7. cxd5 cxd5 8. d4
Ne4 9. Ne5 Nxc3 10. bxc3 b6 11. c4 Bb7 12. Qa4 Bxe5 13. dxe5 Bc6 14. Qc2 dxc4
15. Bh6 Re8 16. Qxc4 Bxg2 17. Kxg2 Qc8 18. Qb3 Nd7 19. f4 Nc5 20. Qf3 Qb7 21.
Qxb7 Nxb7 22. f5 Rac8 23. Rac1 Rc5 24. Rxc5 Nxc5 25. g4 Rd8 26. Rf3 Rd4 27. h3
Re4 28. Re3 gxf5 29. gxf5 Rxe3 30. Bxe3 Nd7 31. Bd4 e6 32. Kf3 Kg7 33. Kg4 Nb8
34. h4 Nc6 35. Bb2 b5 36. h5 a5 37. f6+ Kf8 38. Kf4 Ke8 39. Kg5 Kf8 40. Kf4 Kg8
41. Ke4 Nb4 42. Bc3 Nc6 43. Bb2 h6 44. Bc3 a4 45. a3 Kh8 46. Bd2 Kh7 47. Bc3
Kh8 1/2-1/2

[Event "Mitropa Cup (Women) 7th"]
[Site "Chur"]
[Date "2010.06.04"]
[Round "7"]
[White "Heinatz, Gundula"]
[Black "Havlikova, Kristyna"]
[Result "1-0"]
[WhiteElo "2220"]
[BlackElo "2251"]
[PlyCount "85"]
[EventDate "2010.05.29"]
[EventType "team-tourn"]
[EventRounds "9"]
[EventCountry "SUI"]
[Source "ChessBase"]
[SourceDate "2010.07.02"]
[WhiteTeam "Switzerland (W)"]
[BlackTeam "Czech Republic (W)"]
[WhiteTeamCountry "SUI"]
[BlackTeamCountry "CZE"]

1. d4 Nf6 2. Nf3 g6 3. g3 Bg7 4. Bg2 d5 5. O-O O-O 6. c4 dxc4 7. Na3 Na6 8.
Nxc4 c5 9. b3 Be6 10. Bb2 Bd5 11. Rc1 Rc8 12. e3 e6 13. Qe2 Qe7 14. Ba3 Rfd8
15. Rfd1 Bf8 16. Nce5 h6 17. Ne1 Bxg2 18. Kxg2 Qd6 19. e4 Qb8 20. Qf3 Bg7 21.
N1d3 b6 22. dxc5 Nxc5 23. Bxc5 bxc5 24. Nxf7 Kxf7 25. e5 Rd5 26. exf6 Bxf6 27.
Nf4 Rxd1 28. Rxd1 Rd8 29. Rxd8 Qxd8 30. Qe4 g5 31. Qxe6+ Kf8 32. Nd5 Bg7 33.
Ne3 Qa8+ 34. Kg1 Qf3 35. Qf5+ Qxf5 36. Nxf5 Bc3 37. Nxh6 Ke7 38. Nf5+ Ke6 39.
Ne3 Ke5 40. Kf1 Ke4 41. Ke2 Ba5 42. f3+ Kd4 43. h4 1-0

[Event "Mitropa Cup (Women) 7th"]
[Site "Chur"]
[Date "2010.06.04"]
[Round "7"]
[White "Brunello, Marina"]
[Black "Flear, Christine"]
[Result "1/2-1/2"]
[WhiteElo "2218"]
[BlackElo "2170"]
[PlyCount "54"]
[EventDate "2010.05.29"]
[EventType "team-tourn"]
[EventRounds "9"]
[EventCountry "SUI"]
[Source "ChessBase"]
[SourceDate "2010.07.02"]
[WhiteTeam "Italy (W)"]
[BlackTeam "France (W)"]
[WhiteTeamCountry "ITA"]
[BlackTeamCountry "FRA"]

1. e4 c5 2. Nf3 e6 3. g3 Nc6 4. Bg2 Nf6 5. Qe2 d5 6. exd5 Nxd5 7. O-O Be7 8.
Rd1 O-O 9. d4 cxd4 10. Nxd4 Nxd4 11. Rxd4 Bf6 12. Rd1 Qb6 13. c4 Ne7 14. Nd2
Nc6 15. Ne4 Bd4 16. Rb1 a5 17. Be3 e5 18. c5 Qc7 19. Nd6 Bxe3 20. fxe3 Be6 21.
a3 Bb3 22. Rdc1 a4 23. Qb5 Rab8 24. Qb6 Qe7 25. Nxb7 Rxb7 26. Qxc6 Rd7 27. Qb6
Rd2 1/2-1/2

[Event "Mitropa Cup (Women) 7th"]
[Site "Chur"]
[Date "2010.06.04"]
[Round "7"]
[White "Maisuradze, Nino"]
[Black "Zimina, Olga"]
[Result "1/2-1/2"]
[WhiteElo "2250"]
[BlackElo "2309"]
[PlyCount "47"]
[EventDate "2010.05.29"]
[EventType "team-tourn"]
[EventRounds "9"]
[EventCountry "SUI"]
[Source "ChessBase"]
[SourceDate "2010.07.02"]
[WhiteTeam "France (W)"]
[BlackTeam "Italy (W)"]
[WhiteTeamCountry "FRA"]
[BlackTeamCountry "ITA"]

1. d4 d5 2. c4 e6 3. Nf3 c6 4. e3 Nf6 5. Nbd2 Nbd7 6. Bd3 Be7 7. O-O O-O 8. e4
dxe4 9. Nxe4 b6 10. Bf4 Bb7 11. Nxf6+ Nxf6 12. Qe2 c5 13. dxc5 Bxc5 14. Rad1
Qe7 15. Bg5 Rfd8 16. Ne5 h6 17. Bh4 Rd4 18. Bh7+ Kh8 19. Rxd4 Bxd4 20. Bb1 Rd8
21. Kh1 Kg8 22. f4 Qb4 23. Rd1 Qe7 24. Qc2 1/2-1/2

[Event "Mitropa Cup (Women) 7th"]
[Site "Chur"]
[Date "2010.06.04"]
[Round "7"]
[White "Hoolt, Sarah"]
[Black "Papp, Petra"]
[Result "1-0"]
[WhiteElo "2223"]
[BlackElo "2270"]
[PlyCount "85"]
[EventDate "2010.05.29"]
[EventType "team-tourn"]
[EventRounds "9"]
[EventCountry "SUI"]
[Source "ChessBase"]
[SourceDate "2010.07.02"]
[WhiteTeam "Germany (W)"]
[BlackTeam "Hungary (W)"]
[WhiteTeamCountry "GER"]
[BlackTeamCountry "HUN"]

1. e4 e5 2. Nf3 Nc6 3. Bc4 Bc5 4. d3 Nf6 5. Bb3 d6 6. c3 a6 7. O-O h6 8. Nbd2
O-O 9. Re1 Be6 10. Nf1 Bxb3 11. Qxb3 Re8 12. Be3 Bxe3 13. Nxe3 Qd7 14. Nh4 Na5
15. Qd1 d5 16. exd5 Nxd5 17. Nxd5 Qxd5 18. Qh5 Nc6 19. Re3 Re6 20. Rae1 Rd8 21.
Rf3 Rd7 22. Qg4 Ne7 23. Rg3 Ng6 24. Nf5 Rf6 25. h4 Qe6 26. Rf3 Rd5 27. Re4 h5
28. Qxh5 Rb5 29. Qg5 Rxb2 30. h5 Rxf5 31. Rxf5 Nf8 32. Rexe5 Qd6 33. Qe7 f6 34.
Qxd6 cxd6 35. Re7 b5 36. h6 gxh6 37. Rxf6 Nh7 38. Rxd6 Nf8 39. Rxa6 b4 40. cxb4
Rxb4 41. Rxh6 Rd4 42. Ra6 Nd7 43. Ra8+ 1-0

[Event "Mitropa Cup (Women) 7th"]
[Site "Chur"]
[Date "2010.06.04"]
[Round "7"]
[White "Rudolf, Anna"]
[Black "Fuchs, Judith"]
[Result "1-0"]
[WhiteElo "2344"]
[BlackElo "2231"]
[PlyCount "125"]
[EventDate "2010.05.29"]
[EventType "team-tourn"]
[EventRounds "9"]
[EventCountry "SUI"]
[Source "ChessBase"]
[SourceDate "2010.07.02"]
[WhiteTeam "Hungary (W)"]
[BlackTeam "Germany (W)"]
[WhiteTeamCountry "HUN"]
[BlackTeamCountry "GER"]

1. e4 c5 2. Nf3 d6 3. d4 cxd4 4. Nxd4 Nf6 5. Nc3 Nc6 6. Bc4 Qb6 7. Nb3 e6 8.
Bf4 Ne5 9. Be2 Bd7 10. O-O Be7 11. a4 O-O 12. a5 Qc7 13. Qd4 Ng6 14. Bg3 e5 15.
Qd3 Bc6 16. Rfd1 Rfd8 17. Bf3 Rac8 18. Qe3 Qb8 19. h4 h6 20. h5 Nf8 21. Be2 Ne6
22. Nd5 Bxd5 23. exd5 Nc5 24. Nxc5 Rxc5 25. c4 Nd7 26. b4 Rcc8 27. Bd3 Bg5 28.
Qe2 Qc7 29. Ra2 Re8 30. Bf5 Rcd8 31. Rc2 b6 32. Ra1 Rb8 33. axb6 axb6 34. Rca2
Nf8 35. Ra7 Rb7 36. R7a6 Bf6 37. Qa2 Reb8 38. Ra8 Qd8 39. Ra7 Qc7 40. Qa6 g6
41. hxg6 fxg6 42. Rxb7 Qxb7 43. Bh3 Nh7 44. Qxb7 Rxb7 45. Bc8 Rc7 46. Ra8 Kg7
47. Ba6 Nf8 48. f3 Kf7 49. Bf2 Nd7 50. Kf1 e4 51. fxe4 Bc3 52. Bb5 Bxb4 53.
Bxd7 Rxd7 54. Bxb6 Rb7 55. Bd4 Rc7 56. Ra7 Rxa7 57. Bxa7 Kf6 58. Ke2 h5 59.
Bd4+ Kg5 60. Kf3 Ba3 61. Bg7 Bc5 62. e5 dxe5 63. Ke4 1-0